Southville International School and Colleges
Your cart is empty.
  • Cart
  • Lists
    Public lists Eva Luna New books Lux_list list_1
    Your lists Log in to create your own lists
  • Log in to your account
  • Your cookies
  • Search history
Southville International School and Colleges
  • Advanced search
  • Recent comments
  • Most popular
  • Libraries

Log in to your account

Log in with GOOGLE


If you do not have an external account, but do have a local account, you can still log in:

  1. Home
  2. MARC view: The Ring 2 /
Normal view MARC view ISBD view

The Ring 2 / (Record no. 368669)

[ view plain ]
MARC details
000 -LEADER
fixed length control field 01150nam a22002777a 4500
003 - CONTROL NUMBER IDENTIFIER
control field 0
005 - DATE AND TIME OF LATEST TRANSACTION
control field 20251117132631.0
008 - FIXED-LENGTH DATA ELEMENTS--GENERAL INFORMATION
fixed length control field 251117b xxu||||| |||| 00| 0 eng d
020 ## - INTERNATIONAL STANDARD BOOK NUMBER
International Standard Book Number 1-59307-055-1
050 ## - LIBRARY OF CONGRESS CALL NUMBER
Classification number PN 6790.J63
Item number R55 1999
100 ## - MAIN ENTRY--PERSONAL NAME
Personal name Suzuki, Koji,
Relator term author.
245 ## - TITLE STATEMENT
Title The Ring 2 /
Statement of responsibility, etc original novel by Koji Suzuki ; script by Hiroshi Takahashi ; art by Meimu ; translation by Naomi Kokubo and Steven Hoffman ; lettering by Wilbert Lacuna.
246 ## - VARYING FORM OF TITLE
Title proper/short title Ring two
260 ## - PUBLICATION, DISTRIBUTION, ETC. (IMPRINT)
Place of publication, distribution, etc Milwaukie, OR :
Name of publisher, distributor, etc Dark Horse Manga,
Date of publication, distribution, etc 1999.
300 ## - PHYSICAL DESCRIPTION
Extent 189 pages :
Other physical details illustrations ;
Dimensions 19 cm.
490 ## - SERIES STATEMENT
Series statement Dark Horse manga series
500 ## - GENERAL NOTE
General note The second volume in the manga adaptation of Koji Suzuki's horror series, continuing the investigation into the cursed videotape and the dark origins of its deadly power.
650 ## - SUBJECT ADDED ENTRY--TOPICAL TERM
Topical term or geographic name as entry element Horror comic books, strips, etc.
650 ## - SUBJECT ADDED ENTRY--TOPICAL TERM
Topical term or geographic name as entry element Japanese comics (Manga).
700 ## - ADDED ENTRY--PERSONAL NAME
Personal name Takahashi, Hiroshi,
Relator term screenwriter.
700 ## - ADDED ENTRY--PERSONAL NAME
Personal name Meimu,
Relator term artist.
700 ## - ADDED ENTRY--PERSONAL NAME
Personal name Kokubo, Naomi,
Relator term translator.
700 ## - ADDED ENTRY--PERSONAL NAME
Personal name Hoffman, Steven,
Relator term translator.
700 ## - ADDED ENTRY--PERSONAL NAME
Personal name Lacuna, Wilbert,
Relator term letterer.
942 ## - ADDED ENTRY ELEMENTS (KOHA)
Source of classification or shelving scheme Library of Congress Classification
Koha item type Books
Holdings
Withdrawn status Lost status Source of classification or shelving scheme Damaged status Home library Current library Shelving location Date acquired Source of acquisition Sub Shelving location Total Checkouts Full call number Barcode Date last seen Price effective from Koha item type
    Library of Congress Classification   Luxembourg Library Luxembourg Library Fiction Section 01/08/2024 Donation     PN 6790.J63 R55 1999 21504 11/17/2025 11/17/2025 Books

The Ring 2 /

APA

Suzuki K., Takahashi H., Meimu, Kokubo N., Hoffman S. & Lacuna W. (1999). The Ring 2. Milwaukie, OR: Dark Horse Manga.

Chicago

Suzuki Koji, Takahashi Hiroshi, Meimu, Kokubo Naomi, Hoffman Steven and Lacuna Wilbert. 1999. The Ring 2. Milwaukie, OR: Dark Horse Manga.

Harvard

Suzuki K., Takahashi H., Meimu, Kokubo N., Hoffman S. and Lacuna W. (1999). The Ring 2. Milwaukie, OR: Dark Horse Manga.

MLA

Suzuki Koji, Takahashi Hiroshi, Meimu, Kokubo Naomi, Hoffman Steven and Lacuna Wilbert. The Ring 2. Milwaukie, OR: Dark Horse Manga. 1999.

  • Place hold
  • Print
  • Cite
  • Add to your cart (remove)
  • Save record
    BIBTEX Dublin Core MARCXML MARC (non-Unicode/MARC-8) MARC (Unicode/UTF-8) MARC (Unicode/UTF-8, Standard) MODS (XML) RIS
  • More searches
    Search for this title in:
    Other Libraries (WorldCat) Other Databases (Google Scholar) Online Stores (Bookfinder.com) Open Library (openlibrary.org)

Exporting to Dublin Core...

SOUTHVILLE LIBRARY

Southville International School and Colleges Library

1281 Tropical Ave. Cor. Luxembourg St., BF Homes International, Las Pinas City

Tel. No. 8256374 / 252358 Loc. 117/146

Powered by Koha